Estatísticas para Os 15 principais países afetados pela Covid-19 - 3 de junho

Clique aqui para jogar o quiz

Estatísticas Gerais

  • Esse quiz foi jogado 6 vezes
  • A pontuação média é 15 de 25

Estatísticas das Respostas

país% Correto
Alemanha
100%
Brasil
100%
Espanha
100%
Estados Unidos
100%
França
100%
Itália
100%
Reino Unido
100%
Rússia
100%
Índia
83%
México
83%
Bélgica
67%
Irão
67%
Irlanda
67%
Suécia
67%
Turquia
67%
Peru
50%
Singapura
50%
Bielorrússia
33%
Canadá
33%
Chile
17%
Chile
17%
Bahrein
0%
Catar
0%
Emirados
Árabes Unidos
0%
Kuweit
0%

Distribuição das Pontuações

Percentil de Números Respondidos

Porcentagem de Pessoas com Cada Pontuação

Sua Pontuação Histórica

Você não jogou esse quiz